[Event "IECG CM.2004.0.00266 email"]
[Site "IECG email"]
[Date "2005.01.16"]
[Round "?"]
[White "Lannaioli, Alfonsino"]
[Black "Vujanovic, Aleksandar"]
[Result "0-1"]
[WhiteElo "2058"]
[BlackElo "2201"]
[PlyCount "92"]
[EventDate "2005.01.16"]
[EventType "tourn (corr)"]
[EventRounds "6"]
[SourceTitle "Corr 2008"]
[Source "ChessBase"]
[SourceDate "2008.06.24"]
[SourceVersion "1"]
[SourceVersionDate "2008.06.24"]
[SourceQuality "1"]

1. e4 c5 2. c3 Nf6 3. e5 Nd5 4. d4 cxd4 5. Nf3 Nc6 6. Bc4 Nb6 7. Bb3 d5 8. exd6 Qxd6 9. 0-0 Be6 10. Bxe6 Qxe6 11. Nxd4 Nxd4 12. Qxd4 Rd8 13. Qh4 Qe2 14. Bd2 h5 15. h3 g5 16. Qg3 g4 17. Re1 Qd3 18. Be3 Nc4 19. Na3 Nxe3 20. Rxe3 Qd6 21. Qh4 e6 22. hxg4 Qf4 23. Qg3 Qg5 24. Rd3 Rxd3 25. Qxd3 hxg4 26. Rd1 Bxa3 27. bxa3 Kf8 28. Qd8+ Qxd8 29. Rxd8+ Kg7 30. Rd4 g3 31. Rg4+ Kf6 32. Rxg3 Rh4 33. Rd3 Ra4 34. Rd2 Rxa3 35. Rc2 Ke5 36. Kf1 Kd5 37. Ke2 Kc4 38. Kd2 b5 39. Rb2 Rxc3 40. Rxb5 Rf3 41. gxf3 Kxb5 42. Kc3 Ka4 43. Kc2 Kb4 44. Kb2 Kc4 45. Kc2 Kd4 46. Kd2 f6 0-1

[Event "IECG CM.2004.0.00266 email"]
[Site "IECG email"]
[Date "2005.01.16"]
[Round "?"]
[White "Vujanovic, Aleksandar"]
[Black "Nucci, Luciano"]
[Result "1-0"]
[WhiteElo "2201"]
[BlackElo "2281"]
[PlyCount "79"]
[EventDate "2005.01.16"]
[EventType "tourn (corr)"]
[EventRounds "6"]
[SourceTitle "Corr 2008"]
[Source "ChessBase"]
[SourceDate "2008.06.24"]
[SourceVersion "1"]
[SourceVersionDate "2008.06.24"]
[SourceQuality "1"]

1. e4 e6 2. d4 d5 3. Nc3 Nf6 4. Bg5 dxe4 5. Nxe4 Be7 6. Bxf6 Bxf6 7. Nf3 Nd7 8. Qd2 0-0 9. 0-0-0 b6 10. Bc4 Bb7 11. d5 b5 12. Bb3 Nb6 13. Nxf6+ Qxf6 14. dxe6 fxe6 15. Rhe1 Nc4 16. Bxc4 bxc4 17. Qd4 Bxf3 18. gxf3 Qxd4 19. Rxd4 c3 20. b3 Rxf3 21. Rxe6 a6 22. Rd3 Rxf2 23. Rxc3 Kf7 24. Rec6 Rxh2 25. Rxc7+ Kg8 26. b4 g5 27. R3c5 h6 28. Rb7 Rf8 29. Rcc7 Rff2 30. Kb1 Rf6 31. a4 Rhf2 32. b5 axb5 33. axb5 Rg6 34. Rc6 Rff6 35. Rbb6 Rxc6 36. Rxc6 Rg7 37. b6 g4 38. Rc7 Rg6 39. b7 Rb6+ 40. Ka2 1-0

[Event "CFriend MZ-2004-1-00002 email"]
[Site "Chessfriend.com"]
[Date "2004.08.28"]
[Round "1"]
[White "Salzmann, Stefan"]
[Black "Vujanovic, Aleksandar"]
[Result "0-1"]
[WhiteElo "2334"]
[BlackElo "2309"]
[PlyCount "130"]
[EventDate "2004.??.??"]
[EventType "tourn (corr)"]
[EventRounds "6"]
[SourceTitle "Corr 2024"]
[Source "ChessBase"]
[SourceDate "2023.10.19"]
[SourceVersion "1"]
[SourceVersionDate "2023.10.19"]
[SourceQuality "1"]

1. e4 c5 2. Nf3 Nc6 3. d4 cxd4 4. Nxd4 Nf6 5. Nc3 e5 6. Ndb5 d6 7. Bg5 a6 8. Na3 b5 9. Bxf6 gxf6 10. Nd5 f5 11. Bd3 Be6 12. 0-0 Bxd5 13. exd5 Ne7 14. c3 Bg7 15. Qh5 e4 16. Bc2 Qc8 17. Rae1 0-0 18. Kh1 Ng6 19. Bb1 Re8 20. Nc2 Nf4 21. Qg5 Nxd5 22. Nd4 Re5 23. f4 h6 24. Qg3 Re8 25. Bc2 Nb6 26. Bb3 d5 27. Rd1 Nc4 28. Rf2 Kh7 29. Bxc4 dxc4 30. Rfd2 e3 31. Re2 Bxd4 32. cxd4 Qe6 33. Rde1 Qg6 34. Qf3 Qg4 35. Qb7 Kg7 36. Qc7 Rad8 37. h3 Qg3 38. Rd1 Rd5 39. b3 cxb3 40. axb3 Re4 41. Qc6 Rexd4 42. Rxd4 Rxd4 43. Qc3 Qxf4 44. Rxe3 b4 45. Qe1 Rd1 46. Qxd1 Qxe3 47. Qc2 Kg6 48. Qc6+ Qe6 49. Qf3 Qe1+ 50. Kh2 Qe5+ 51. Kh1 a5 52. Qf2 Qa1+ 53. Kh2 Qc3 54. Qa2 h5 55. Qxa5 Qxb3 56. h4 Qc4 57. Qd8 Qf4+ 58. g3 Qf2+ 59. Kh3 Qf1+ 60. Kh2 Qe2+ 61. Kh1 Qe3 62. Qg8+ Kf6 63. Qh8+ Ke7 64. Qb2 b3 65. Kg2 f6 0-1

[Event "CFriend MZ-2004-1-00002 email"]
[Site "Chessfriend.com"]
[Date "2004.08.28"]
[Round "1"]
[White "Shchebenyuk, Nina"]
[Black "Vujanovic, Aleksandar"]
[Result "0-1"]
[WhiteElo "2050"]
[BlackElo "2309"]
[PlyCount "36"]
[EventDate "2004.??.??"]
[EventType "tourn (corr)"]
[EventRounds "6"]
[SourceTitle "Corr 2024"]
[Source "ChessBase"]
[SourceDate "2023.10.19"]
[SourceVersion "1"]
[SourceVersionDate "2023.10.19"]
[SourceQuality "1"]

1. c4 c5 2. Nf3 Nc6 3. Nc3 Nf6 4. g3 g6 5. Bg2 Bg7 6. 0-0 0-0 7. d4 d6 8. d5 Na5 9. Nd2 a6 10. Qc2 Rb8 11. a4 h6 12. b3 Ne8 13. Bb2 e5 14. e4 b6 15. Ne2 f5 16. f4 Rb7 17. Rae1 Rbf7 18. exf5 gxf5 0-1

[Event "Belgrade Jezero op 10th"]
[Site "Belgrade"]
[Date "2004.08.20"]
[Round "4"]
[White "Vujanovic, Aleksandar"]
[Black "Govedarica, Radovan"]
[Result "0-1"]
[WhiteElo "2220"]
[BlackElo "2440"]
[PlyCount "120"]
[EventDate "2004.08.17"]
[EventType "swiss"]
[EventRounds "9"]
[EventCountry "YUG"]
[SourceTitle "EXT 2005"]
[Source "ChessBase"]
[SourceDate "2004.11.15"]
[SourceVersion "1"]
[SourceVersionDate "2004.11.15"]
[SourceQuality "1"]

1. d4 Nf6 2. Nf3 c5 3. c3 e6 4. Bf4 b6 5. h3 Bb7 6. e3 Be7 7. Bd3 0-0 8. 0-0 d6 9. Nbd2 cxd4 10. cxd4 Nc6 11. Rc1 e5 12. Bh2 Nb4 13. Bc4 e4 14. Ne1 d5 15. Bb5 Bd6 16. Bxd6 Qxd6 17. a3 Nc6 18. Nc2 Nd8 19. Nb4 a6 20. Be2 Ne6 21. Qb3 Rfc8 22. Na2 h5 23. Rxc8+ Rxc8 24. Rc1 Rxc1+ 25. Nxc1 h4 26. Na2 g6 27. Qb4 Qxb4 28. Nxb4 a5 29. Na2 Ne8 30. b4 axb4 31. Nxb4 Nd6 32. a4 Nc7 33. Nb1 f5 34. Nc3 Kf7 35. Kf1 Ke6 36. Ke1 Nde8 37. Nba2 g5 38. Nc1 Nf6 39. Nb3 Bc8 40. a5 bxa5 41. Nxa5 Kd6 42. Kf1 g4 43. Kg1 gxh3 44. gxh3 f4 45. Kh2 f3 46. Bf1 Ba6 47. Bxa6 Nxa6 48. Nb7+ Kc7 49. Na5 Nb4 50. Nb3 Kc6 51. Nd1 Kb5 52. Nb2 Nd3 53. Nd1 Kb4 54. Nd2 Nd7 55. Kg1 Nb6 56. Kf1 Na4 57. Kg1 Nb6 58. Nb1 Kb3 59. Nbc3 Kc2 60. Kf1 Kd2 0-1

[Event "IECC CL2-2004.17 email"]
[Site "IECC email"]
[Date "2004.05.08"]
[Round "?"]
[White "Canizares Cuadra, Pedro"]
[Black "Vujanovic, Aleksandar"]
[Result "1/2-1/2"]
[WhiteElo "2021"]
[BlackElo "2112"]
[PlyCount "57"]
[EventDate "2004.??.??"]
[EventType "tourn (corr)"]
[EventRounds "4"]
[SourceTitle "Corr 2008"]
[Source "ChessBase"]
[SourceDate "2008.06.24"]
[SourceVersion "1"]
[SourceVersionDate "2008.06.24"]
[SourceQuality "1"]

1. e4 c5 2. Nf3 Nc6 3. d4 cxd4 4. Nxd4 Nf6 5. Nc3 e5 6. Ndb5 d6 7. Bg5 a6 8. Na3 b5 9. Bxf6 gxf6 10. Nd5 f5 11. c3 Bg7 12. exf5 Bxf5 13. Nc2 0-0 14. Nce3 Be6 15. Bd3 f5 16. 0-0 Ra7 17. a4 Ne7 18. Nxe7+ Rxe7 19. axb5 axb5 20. Bxb5 d5 21. Ra6 Kh8 22. Qa4 f4 23. Nc2 Bc8 24. Ra8 Qd6 25. Ra1 Rc7 26. Bd3 e4 27. Ba6 Be6 28. Bf1 Bg8 29. Qa3 1/2-1/2

[Event "IECC CL2-2004.17 email"]
[Site "IECC email"]
[Date "2004.05.08"]
[Round "?"]
[White "Vujanovic, Aleksandar"]
[Black "Makowski, Tomasz"]
[Result "1-0"]
[WhiteElo "2113"]
[BlackElo "2035"]
[PlyCount "87"]
[EventDate "2004.??.??"]
[EventType "tourn (corr)"]
[EventRounds "4"]
[SourceTitle "Corr 2008"]
[Source "ChessBase"]
[SourceDate "2008.06.24"]
[SourceVersion "1"]
[SourceVersionDate "2008.06.24"]
[SourceQuality "1"]

1. e4 c5 2. Nf3 Nc6 3. d4 cxd4 4. Nxd4 Nf6 5. Nc3 e5 6. Ndb5 d6 7. Bg5 a6 8. Na3 b5 9. Bxf6 gxf6 10. Nd5 f5 11. Bd3 Be6 12. 0-0 Bxd5 13. exd5 Ne7 14. Nxb5 Bg7 15. Nc3 e4 16. Bc4 Ng6 17. Qh5 Bxc3 18. bxc3 Qf6 19. Qh6 Rg8 20. Rab1 Qxc3 21. Bxa6 Qg7 22. Qxg7 Rxg7 23. Rb6 Nf4 24. g3 Nxd5 25. Rxd6 Nc3 26. Rc6 Rg6 27. Rxc3 Rgxa6 28. f3 Ra3 29. Rxa3 Rxa3 30. fxe4 fxe4 31. Rf4 e3 32. Rc4 Ke7 33. Kg2 f5 34. Kf3 Kf6 35. Rc5 Ke6 36. Ke2 h5 37. Rc6+ Kd5 38. Rc8 Ke4 39. Re8+ Kd4 40. Rd8+ Ke4 41. Rd3 Rxa2 42. Rxe3+ Kd4 43. Rd3+ Ke4 44. Kd2 1-0

[Event "IECG QM.2004.0.00067 email"]
[Site "IECG email"]
[Date "2004.02.01"]
[Round "?"]
[White "Vujanovic, Aleksandar"]
[Black "Goins, David A"]
[Result "1/2-1/2"]
[WhiteElo "2134"]
[BlackElo "2350"]
[PlyCount "45"]
[EventDate "2004.02.01"]
[EventType "tourn (corr)"]
[EventRounds "6"]
[SourceTitle "Corr 2008"]
[Source "ChessBase"]
[SourceDate "2008.06.24"]
[SourceVersion "1"]
[SourceVersionDate "2008.06.24"]
[SourceQuality "1"]

1. e4 c5 2. Nf3 d6 3. d4 cxd4 4. Nxd4 Nf6 5. Nc3 g6 6. Be3 Bg7 7. f3 Nc6 8. Qd2 0-0 9. Bc4 Bd7 10. 0-0-0 Rc8 11. Bb3 Na5 12. h4 h5 13. Kb1 Nxb3 14. Nxb3 a5 15. Nd4 Re8 16. Ndb5 a4 17. Bd4 Qa5 18. Na3 Qb4 19. Rhe1 Bc6 20. Qe2 Red8 21. Ncb5 Bd7 22. Qd3 Qa5 23. Nc3 1/2-1/2

[Event "IECG QA.2003.0.00040 email"]
[Site "IECG email"]
[Date "2003.07.15"]
[Round "1"]
[White "Santanu, Lahiri"]
[Black "Vujanovic, Aleksandar"]
[Result "0-1"]
[WhiteElo "2136"]
[BlackElo "2125"]
[PlyCount "22"]
[EventDate "2003.07.15"]
[EventType "tourn (corr)"]
[EventRounds "6"]
[SourceTitle "Corr 2024"]
[Source "ChessBase"]
[SourceDate "2023.10.19"]
[SourceVersion "1"]
[SourceVersionDate "2023.10.19"]
[SourceQuality "1"]

1. d4 Nf6 2. c4 e6 3. Nc3 Bb4 4. Qc2 0-0 5. a3 Bxc3+ 6. Qxc3 b6 7. Bg5 Bb7 8. e3 d6 9. f3 Nbd7 10. Nh3 h6 11. Bh4 c5 0-1

[Event "IECC P email"]
[Site "IECC email"]
[Date "2003.04.28"]
[Round "?"]
[White "Vujanovic, Aleksandar"]
[Black "Stein, Rick"]
[Result "1-0"]
[WhiteElo "2113"]
[BlackElo "2010"]
[PlyCount "91"]
[EventDate "2003.??.??"]
[EventType "tourn (corr)"]
[EventRounds "6"]
[SourceTitle "Corr 2008"]
[Source "ChessBase"]
[SourceDate "2008.06.24"]
[SourceVersion "1"]
[SourceVersionDate "2008.06.24"]
[SourceQuality "1"]

1. e4 c5 2. Ne2 e5 3. Nec3 Nf6 4. Bc4 d6 5. 0-0 Bg4 6. f3 Be6 7. d3 Bxc4 8. dxc4 Be7 9. Nd5 Nxd5 10. Qxd5 Nc6 11. Nc3 0-0 12. Qd3 Nb4 13. Qd2 Qd7 14. Rd1 Rad8 15. a3 Na6 16. Qd5 Rfe8 17. Nb5 b6 18. Qd3 Qb7 19. Qd5 Qd7 20. Be3 Rf8 21. Qd3 Qb7 22. Qd5 Qd7 23. b3 Rfe8 24. Rd2 Nb8 25. Qd3 Na6 26. Rad1 Nc7 27. a4 a6 28. Nxc7 Qxc7 29. Qe2 Bh4 30. Rd5 Be7 31. Qd2 Rb8 32. f4 Rbd8 33. f5 Qb7 34. a5 Qc6 35. Qd3 Kh8 36. axb6 Qxb6 37. Bd2 Ra8 38. Qe2 Kg8 39. Qg4 Rad8 40. Bh6 g6 41. Rf1 Qc7 42. f6 Bxf6 43. Rxf6 Rd7 44. Rf3 Qc6 45. Bg5 h5 46. Qh4 1-0

[Event "IECG WC.2002.F.00004 email"]
[Site "IECG email"]
[Date "2002.12.15"]
[Round "?"]
[White "Johansen, John Martin"]
[Black "Vujanovic, Aleksandar"]
[Result "1-0"]
[WhiteElo "2189"]
[BlackElo "2176"]
[PlyCount "57"]
[EventDate "2002.12.15"]
[EventType "tourn (corr)"]
[EventRounds "10"]
[SourceTitle "Corr 2008"]
[Source "ChessBase"]
[SourceDate "2008.06.24"]
[SourceVersion "1"]
[SourceVersionDate "2008.06.24"]
[SourceQuality "1"]

1. e4 c5 2. Nf3 d6 3. d4 cxd4 4. Nxd4 Nf6 5. Nc3 a6 6. Be3 e6 7. f3 b5 8. g4 h6 9. Qd2 Nbd7 10. 0-0-0 Bb7 11. h4 b4 12. Na4 Qa5 13. b3 e5 14. Nf5 d5 15. Bh3 g6 16. Nxh6 Bc6 17. exd5 Qxd5 18. g5 Qxd2+ 19. Rxd2 Bxh6 20. gxh6 Bxf3 21. Rf1 Bg4 22. Bg2 Rc8 23. Nb6 Rc7 24. Bg5 Ng8 25. Nxd7 Bxd7 26. Rfd1 f6 27. Rxd7 Rxd7 28. Bc6 fxg5 29. hxg5 1-0

[Event "IECG WC.2002.F.00004 email"]
[Site "IECG email"]
[Date "2002.12.15"]
[Round "?"]
[White "Onder, Evren"]
[Black "Vujanovic, Aleksandar"]
[Result "1-0"]
[WhiteElo "2183"]
[BlackElo "2176"]
[PlyCount "61"]
[EventDate "2002.12.15"]
[EventType "tourn (corr)"]
[EventRounds "10"]
[SourceTitle "Corr 2008"]
[Source "ChessBase"]
[SourceDate "2008.06.24"]
[SourceVersion "1"]
[SourceVersionDate "2008.06.24"]
[SourceQuality "1"]

1. e4 e6 2. d4 d5 3. Nc3 Bb4 4. e5 c5 5. a3 Bxc3+ 6. bxc3 Ne7 7. Qg4 Qc7 8. Qxg7 Rg8 9. Qxh7 cxd4 10. Ne2 Nbc6 11. f4 Bd7 12. Qd3 dxc3 13. Qxc3 Nf5 14. Rb1 0-0-0 15. Rg1 d4 16. Qc4 f6 17. exf6 Rg6 18. g4 Nd6 19. Qd3 Rxf6 20. c4 e5 21. c5 Nf7 22. g5 Rf5 23. Ng3 Rxf4 24. Ne4 Rh4 25. Qf3 Ne7 26. Bd3 Bc6 27. g6 Nh6 28. Bg5 Rxh2 29. Qf6 Qa5+ 30. Rb4 Qxa3 31. Qe6+ 1-0

[Event "IECG WC.2002.F.00004 email"]
[Site "IECG email"]
[Date "2002.12.15"]
[Round "?"]
[White "Vujanovic, Aleksandar"]
[Black "Dziedzina, Michael"]
[Result "1/2-1/2"]
[WhiteElo "2176"]
[BlackElo "2168"]
[PlyCount "77"]
[EventDate "2002.12.15"]
[EventType "tourn (corr)"]
[EventRounds "10"]
[SourceTitle "Corr 2008"]
[Source "ChessBase"]
[SourceDate "2008.06.24"]
[SourceVersion "1"]
[SourceVersionDate "2008.06.24"]
[SourceQuality "1"]

1. d4 d5 2. c4 c6 3. Nf3 Nf6 4. Nc3 e6 5. e3 Nbd7 6. Bd3 dxc4 7. Bxc4 b5 8. Bd3 Bb7 9. 0-0 a6 10. e4 c5 11. d5 Qc7 12. dxe6 fxe6 13. Bc2 Bd6 14. Ng5 Nf8 15. f4 0-0-0 16. Qe2 h6 17. Nf3 Bxf4 18. Bxf4 Qxf4 19. g3 Qg4 20. e5 N6d7 21. Be4 Ng6 22. Rae1 Rhf8 23. Qg2 Bxe4 24. Nxe4 Ndxe5 25. Nxe5 Rxf1+ 26. Rxf1 Nxe5 27. h3 Qh5 28. g4 Qe8 29. Nxc5 Rd5 30. Qf2 Qc6 31. Qf8+ Rd8 32. Qe7 g5 33. b4 Ng6 34. Qxe6+ Qxe6 35. Nxe6 Rd6 36. Rf6 Kd7 37. Nc5+ Kc6 38. Rxd6+ Kxd6 39. Nxa6 1/2-1/2

[Event "IECG WC.2002.F.00004 email"]
[Site "IECG email"]
[Date "2002.12.15"]
[Round "?"]
[White "Vujanovic, Aleksandar"]
[Black "Jelen, Jean Luc"]
[Result "1/2-1/2"]
[WhiteElo "2176"]
[BlackElo "2166"]
[PlyCount "51"]
[EventDate "2002.12.15"]
[EventType "tourn (corr)"]
[EventRounds "10"]
[SourceTitle "Corr 2008"]
[Source "ChessBase"]
[SourceDate "2008.06.24"]
[SourceVersion "1"]
[SourceVersionDate "2008.06.24"]
[SourceQuality "1"]

1. d4 Nf6 2. c4 e6 3. Nc3 Bb4 4. Qc2 0-0 5. a3 Bxc3+ 6. Qxc3 b6 7. Bg5 Bb7 8. f3 h6 9. Bh4 d5 10. e3 Nbd7 11. Nh3 c5 12. cxd5 cxd4 13. Qxd4 e5 14. Qd2 Bxd5 15. Nf2 Be6 16. Be2 Nc5 17. Qxd8 Rfxd8 18. Bxf6 gxf6 19. g4 a5 20. Rc1 Rac8 21. h4 Kf8 22. Bb5 Ke7 23. Rc3 Nb3 24. Rxc8 Rxc8 25. Bd3 Bd5 26. e4 1/2-1/2

[Event "IECC P email"]
[Site "IECC email"]
[Date "2002.10.04"]
[Round "?"]
[White "Vujanovic, Aleksandar"]
[Black "Villarreal, Steven"]
[Result "0-1"]
[WhiteElo "2139"]
[BlackElo "1823"]
[PlyCount "86"]
[EventDate "2002.??.??"]
[EventType "tourn (corr)"]
[EventRounds "6"]
[SourceTitle "Corr 2008"]
[Source "ChessBase"]
[SourceDate "2008.06.24"]
[SourceVersion "1"]
[SourceVersionDate "2008.06.24"]
[SourceQuality "1"]

1. e4 c5 2. Nf3 d6 3. d4 cxd4 4. Nxd4 Nf6 5. Nc3 a6 6. Be3 e5 7. Nb3 Be7 8. f3 Be6 9. Qd2 0-0 10. 0-0-0 Nbd7 11. g4 Qc7 12. Kb1 b5 13. g5 Nh5 14. Qf2 Rfb8 15. Qh4 g6 16. Nd5 Bxd5 17. Rxd5 Nb6 18. Rd3 b4 19. f4 Rc8 20. Rd2 a5 21. fxe5 dxe5 22. Qf2 Nc4 23. Bxc4 Qxc4 24. Rd7 Rc7 25. Rxc7 Qxc7 26. Rf1 Nf4 27. Bxf4 exf4 28. h4 Bd6 29. Nc1 Re8 30. Qd4 Bc5 31. Qd5 Be3 32. Nd3 Rc8 33. Qb3 Kg7 34. Re1 h6 35. Qa4 hxg5 36. hxg5 Rh8 37. Rd1 Rh5 38. Qb5 f3 39. Ne5 Qd6 40. Qd5 Qxd5 41. exd5 f2 42. Ng4 Bb6 43. c3 Rxg5 0-1

[Event "IECG CP.2002.P.00084 email"]
[Site "IECG email"]
[Date "2002.10.01"]
[Round "?"]
[White "Lombart, Philippe"]
[Black "Vujanovic, Aleksandar"]
[Result "1/2-1/2"]
[WhiteElo "1891"]
[BlackElo "2175"]
[PlyCount "56"]
[EventDate "2002.10.01"]
[EventType "tourn (corr)"]
[EventRounds "6"]
[EventCountry "GER"]
[SourceTitle "Corr 2008"]
[Source "ChessBase"]
[SourceDate "2008.06.24"]
[SourceVersion "1"]
[SourceVersionDate "2008.06.24"]
[SourceQuality "1"]

1. d4 Nf6 2. c4 e6 3. Nc3 Bb4 4. Qc2 0-0 5. a3 Bxc3+ 6. Qxc3 b6 7. Bg5 Bb7 8. f3 h6 9. Bh4 d5 10. cxd5 exd5 11. e3 Re8 12. Bf2 c5 13. Bb5 cxd4 14. Qxd4 Bc6 15. Bd3 Bd7 16. Ne2 Nc6 17. Qc3 Na5 18. b3 Rc8 19. Qb2 Nb7 20. 0-0 Nc5 21. Bc2 Bb5 22. Rfe1 Bd3 23. Rac1 Bxc2 24. Qxc2 Ne6 25. Qxc8 Qxc8 26. Rxc8 Rxc8 27. Rc1 Rxc1+ 28. Nxc1 Kf8 1/2-1/2

[Event "IECC KO email"]
[Site "IECC email"]
[Date "2002.09.10"]
[Round "?"]
[White "Vujanovic, Aleksandar"]
[Black "Monasterio, Manuel Gerardo"]
[Result "1/2-1/2"]
[WhiteElo "2120"]
[BlackElo "2115"]
[PlyCount "78"]
[EventDate "2002.??.??"]
[EventType "tourn (corr)"]
[EventRounds "6"]
[SourceTitle "Corr 2008"]
[Source "ChessBase"]
[SourceDate "2008.06.24"]
[SourceVersion "1"]
[SourceVersionDate "2008.06.24"]
[SourceQuality "1"]

1. d4 Nf6 2. c4 e6 3. Nc3 Bb4 4. Qc2 0-0 5. a3 Bxc3+ 6. Qxc3 b6 7. Bg5 Bb7 8. f3 h6 9. Bh4 d5 10. e3 Nbd7 11. Nh3 c5 12. cxd5 Nxd5 13. Bxd8 Nxc3 14. Be7 Rfe8 15. Bh4 Nd5 16. Bb5 g5 17. Bf2 Red8 18. e4 N5f6 19. Rc1 Rac8 20. dxc5 Nxc5 21. Be3 Nd3+ 22. Bxd3 Rxd3 23. Rxc8+ Bxc8 24. Bd2 e5 25. Nf2 Rd8 26. Bc3 Re8 27. h4 Kg7 28. hxg5 hxg5 29. Nd1 Nd7 30. b4 Nf8 31. Ne3 Ng6 32. b5 Be6 33. g3 f6 34. Bb4 Rd8 35. Kf2 Rd7 36. Rc1 Ne7 37. Rc2 Kf7 38. Ke1 Kg7 39. Ke2 Kf7 1/2-1/2

[Event "IECG CA.2002.0.00057 email"]
[Site "IECG email"]
[Date "2002.06.29"]
[Round "?"]
[White "Vujanovic, Aleksandar"]
[Black "Markus, Roland"]
[Result "1-0"]
[WhiteElo "2199"]
[BlackElo "2195"]
[PlyCount "87"]
[EventDate "2002.06.29"]
[EventType "tourn (corr)"]
[EventRounds "6"]
[SourceTitle "Corr 2008"]
[Source "ChessBase"]
[SourceDate "2008.06.24"]
[SourceVersion "1"]
[SourceVersionDate "2008.06.24"]
[SourceQuality "1"]

1. d4 Nf6 2. c4 e6 3. Nc3 Bb4 4. Qc2 0-0 5. a3 Bxc3+ 6. Qxc3 b6 7. Bg5 Bb7 8. f3 h6 9. Bh4 d5 10. e3 Nbd7 11. Nh3 c5 12. cxd5 Nxd5 13. Bxd8 Nxc3 14. Be7 Rfe8 15. Bh4 Nd5 16. Bb5 g5 17. Bf2 Red8 18. e4 N5f6 19. Rc1 g4 20. Nf4 cxd4 21. Nd3 a6 22. Bxd7 Nxd7 23. Rc7 Rab8 24. h3 gxf3 25. gxf3 Nf8 26. Rg1+ Ng6 27. h4 h5 28. Rg5 Rdc8 29. Bg3 a5 30. Rd7 Rd8 31. Bxb8 Rxd7 32. Ne5 Re7 33. Bd6 Re8 34. Bc7 Kh7 35. Rxh5+ Kg7 36. Rg5 Kh7 37. Ng4 Rc8 38. Bxb6 Rc1+ 39. Kd2 Rh1 40. Bxd4 Rxh4 41. Rxa5 Kg8 42. Ke3 Rh1 43. Ra7 Bc6 44. b4 1-0

[Event "IECG QA.2002.0.00022"]
[Site "IECG email"]
[Date "2002.06.26"]
[Round "2"]
[White "Vujanovic, Aleksandar"]
[Black "Romero, Leandro"]
[Result "1/2-1/2"]
[WhiteElo "2199"]
[BlackElo "2085"]
[PlyCount "39"]
[EventDate "2002.06.26"]
[EventType "tourn (corr)"]
[EventRounds "6"]
[SourceTitle "Corr 2024"]
[Source "ChessBase"]
[SourceDate "2023.10.19"]
[SourceVersion "1"]
[SourceVersionDate "2023.10.19"]
[SourceQuality "1"]

1. c4 c5 2. Nf3 Nf6 3. d4 cxd4 4. Nxd4 e5 5. Nb5 d5 6. cxd5 Bc5 7. e3 0-0 8. N5c3 Nbd7 9. a3 Bb6 10. Nd2 Re8 11. Bd3 Nc5 12. Bb5 Bd7 13. b4 Nce4 14. Ndxe4 Nxe4 15. Bxd7 Nxc3 16. Qg4 h5 17. Qh3 Re7 18. Bb2 Qxd7 19. Qxd7 Rxd7 20. Bxc3 1/2-1/2

[Event "IECC P email"]
[Site "IECC email"]
[Date "2002.02.19"]
[Round "?"]
[White "Lausten, Sven"]
[Black "Vujanovic, Aleksandar"]
[Result "0-1"]
[WhiteElo "1896"]
[BlackElo "2124"]
[PlyCount "56"]
[EventDate "2002.??.??"]
[EventType "tourn (corr)"]
[EventRounds "6"]
[SourceTitle "Corr 2008"]
[Source "ChessBase"]
[SourceDate "2008.06.24"]
[SourceVersion "1"]
[SourceVersionDate "2008.06.24"]
[SourceQuality "1"]

1. e4 e5 2. Nf3 Nf6 3. Nxe5 d6 4. Nf3 Nxe4 5. d4 d5 6. Bd3 Bd6 7. 0-0 0-0 8. c4 c6 9. cxd5 cxd5 10. Nc3 Nxc3 11. bxc3 Nc6 12. Ng5 g6 13. h3 Qc7 14. Nxh7 Kxh7 15. Qh5+ Kg8 16. Bxg6 Bh2+ 17. Kh1 fxg6 18. Qxg6+ Qg7 19. Qxg7+ Kxg7 20. Kxh2 Bf5 21. Re1 Rac8 22. g4 Be4 23. f4 Na5 24. Bd2 Nc4 25. Bc1 Rh8 26. Kg3 Nd6 27. Bb2 Kf6 28. Rac1 Nf5+ 0-1

[Event "IECG QM.2002.0.00042"]
[Site "IECG email"]
[Date "2002.01.19"]
[Round "?"]
[White "Kunzmann, Hector AT"]
[Black "Vujanovic, Aleksandar"]
[Result "1/2-1/2"]
[WhiteElo "2306"]
[BlackElo "2248"]
[PlyCount "93"]
[EventDate "2002.01.19"]
[EventType "tourn (corr)"]
[EventRounds "4"]
[SourceTitle "Corr 2008"]
[Source "ChessBase"]
[SourceDate "2008.06.24"]
[SourceVersion "1"]
[SourceVersionDate "2008.06.24"]
[SourceQuality "1"]

1. e4 e5 2. f4 exf4 3. Nf3 d5 4. exd5 Nf6 5. Bc4 Nxd5 6. Bxd5 Qxd5 7. Nc3 Qh5 8. d4 Bd6 9. Qe2+ Kd8 10. 0-0 Re8 11. Qb5 Qxb5 12. Nxb5 Bf5 13. Nxd6 cxd6 14. c3 Nc6 15. Bxf4 Kd7 16. d5 Ne7 17. Rad1 f6 18. Nd4 Be4 19. c4 Rac8 20. b3 g5 21. Bd2 f5 22. Rde1 g4 23. Rf2 a6 24. a4 Rg8 25. g3 b6 26. Bb4 h5 27. Ba3 h4 28. gxh4 g3 29. Rfe2 gxh2+ 30. Kxh2 Ng6 31. Rxe4 fxe4 32. Rxe4 Ne5 33. Rf4 Rcf8 34. Rxf8 Rxf8 35. Kh3 Rf1 36. Kg3 Rg1+ 37. Kf4 Rg4+ 38. Ke3 Rxh4 39. Bc1 Rh3+ 40. Ke2 b5 41. cxb5 axb5 42. axb5 Rh2+ 43. Kd1 Nd3 44. Bd2 Nf2+ 45. Ke1 Ne4 46. Bb4 Nf6 47. Nf5 1/2-1/2